Tarian kuda kepang

Bibliographic Details
Format: Book
Published: Kuala Lumpur : Buku Must , 2007
Series:Siri anjung pewaris seni
Subjects:

MARC

LEADER 00000cam a2200000 7i4500
001 0000061937
005 20170118.0
008 160324
020 |a 9838476560 
090 0 0 |a CUS   |b MAL 
245 0 0 |a Tarian kuda kepang 
260 |a Kuala Lumpur :   |b Buku Must ,   |c 2007 
300 |a 62p. :   |b col.ill. 
490 0 |a Siri anjung pewaris seni 
500 |a Children ages 7-9 years old (orange) 
650 0 |a Children's stories, Malay 
650 0 |a Folk dancing 
650 0 |a Performing arts--Malaysia 
999 |a 0001043735   |b Book   |c Children Collection   |e Cawangan Bandar Penawar 
999 |a 0001076737   |b Book   |c Children Collection   |e Cawangan Segamat 
999 |a 0001138765   |b Book   |c Children Collection   |e Cawangan Bandar Penawar 
999 |a 0001148246   |b Book   |c Children Collection   |e Cawangan Tangkak